000 01180nam a22002537a 4500
005 20230718103217.0
008 230717b ||||| |||| 00| 0 eng d
020 _a8189297171
040 _cAL
041 _aEnglish
082 _223
_a294.5921
_bTILA
100 _aBal Gangadhar Tilak
_9127539
245 _aArctic Home in the Vedas: An Ignored Historical Classic
260 _aDelhi
_bVijay Goel English Hindi Publisher
_c2005
300 _a190 p.
_bPB
_c21x14 cm.
520 _aArctic Home In The Vedas ; An Ignored Historical Research (Hardcover) In this book Lokmanya Tilak applies the astronomical methodto lay to rest the controversy surrounding the origins of the Aryansand came to strikingly convincing conclusions -- that the Aryans lived in Polarregions which had a pleasant climate at that time. They shifted when the climate began tochange. The work in a significant contribution to Indian and world history.
650 _aArctic Regions
_9127252
650 _aVedas
_9127253
650 _aLiterature
_9127254
650 _aHindu civilization
_9127255
650 _aIndo-Aryans--Origin
_9127256
700 _aTILAK (Bal Gangadhar)
_9127257
942 _2ddc
_cDB
999 _c227913
_d227913